U.S. Cities with More than One Million People - Sudden Death - Statistics

General Stats
  • This quiz has been taken 387 times
    11 since last reset
  • The average score is 9 of 12
Answers on the Grid
Answers color-coded by a green-red scale on the quiz's grid according to % correct below.
Austin
Boston
Chicago
Columbus
Dallas
Detroit
Fort Worth
Houston
Indianapolis
Jacksonville
Las Vegas
Los Angeles
Miami
New York City
Philadelphia
Phoenix
San Antonio
San Diego
San Jose
Seattle
Washington
 
Answer Stats
Answer % Correct
Chicago
89%
Dallas
89%
Los Angeles
89%
New York City
89%
Philadelphia
89%
Phoenix
89%
Houston
78%
San Antonio
67%
Austin
56%
San Diego
56%
Fort Worth
44%
Jacksonville
33%
No matching quizzes found
Score Distribution
Percent of People with Each Score
Percentile by Number Answered
Your Score History
You have not taken this quiz since the last reset